| 000 | 01246cam a2200337 a 4500 | ||
|---|---|---|---|
| 005 | 20260322212006.0 | ||
| 008 | data | ||
| 010 | _a 92030727 | ||
| 020 | _a0816513457 (acidfree paper) | ||
| 020 | _a0816513570 (pbk. : acid-free paper) | ||
| 020 | _a978-0816513451 (acid-free paper) | ||
| 020 | _a978-0816513574 (pbk. : acid-free paper) | ||
| 040 |
_aDLC _cDLC _dDLC |
||
| 043 | _an-us-az | ||
| 050 | 0 | 0 |
_aSB455.3 _b.B69 1993 |
| 082 | 0 | 0 |
_a635.9/09791/09154 _220 |
| 092 | _a635.9 B69 1993 | ||
| 100 | 1 | _aBowers, Janice Emily. | |
| 245 | 1 | 2 |
_aA full life in a small place : _band other essays from a desert garden / _cJanice Emily Bowers. |
| 260 |
_aTucson : _bUniversity of Arizona Press, _cc1993. |
||
| 300 |
_ax, 166 p. ; _c23 cm. |
||
| 504 | _aIncludes bibliographical references (p. [155]-166). | ||
| 650 | 0 |
_aGardening _zArizona. |
|
| 650 | 0 |
_aDesert gardening _zArizona. |
|
| 650 | 0 |
_aGarden ecology _zArizona. |
|
| 650 | 0 |
_aDesert ecology _zArizona. |
|
| 906 |
_a7 _bcbc _corignew _d1 _eocip _f19 _gy-gencatlg |
||
| 991 |
_bc-GenColl _hSB455.3 _i.B69 1993 _p00009135625 _tCopy 1 _wBOOKS |
||
| 001 | data | ||
| 999 |
_c98 _d98 |
||